Straßen und Plätze in Berlin-Mitte - Statistiken

Allgemein
  • Dieses Quiz wurde 212 mal gespielt
  • Das Durchschnittsergebnis liegt bei 65 aus 320
Antworten auf der Karte
Die Antworten werden auf der Karte rot bzw. grün angezeigt, abhängig davon wie oft sie richtig erraten wurden.
 
Antwortstatistiken
Name % Korrekt
Alexanderplatz
89%
Unter den Linden
79%
Friedrichstraße
77%
Potsdamer Platz
70%
Pariser Platz
66%
Gendarmenmarkt
57%
Oranienburger Straße
57%
Rosenthaler Platz
57%
Rosa-Luxemburg-Platz
55%
Hackescher Markt
54%
Mohrenstraße
53%
Invalidenstraße
52%
Torstraße
52%
Karl-Marx-Allee
51%
Karl-Marx-Allee|Lichtenberger Straße
51%
Leipziger Straße
51%
Leipziger Platz
49%
Bernauer Straße
47%
Karl-Liebknecht-Straße
45%
Alexanderstraße
44%
Klosterstraße
43%
Hausvogteiplatz
42%
Französische Straße
41%
Luisenstraße
41%
Mollstraße
40%
Rosenthaler Straße
40%
Schloßplatz
40%
Zionskirchplatz
40%
Chausseestraße
38%
Linienstraße
38%
Weinmeisterstraße
38%
Hannoversche Straße
37%
Rathausstraße
37%
Rosa-Luxemburg-Straße
37%
Spittelmarkt
37%
Gartenstraße
36%
Gartenstraße|Liesenstraße
36%
Wilhelmstraße
36%
Brunnenstraße
35%
Otto-Braun-Straße
34%
Spandauer Straße
34%
Zionskirchstraße
34%
Bebelplatz
33%
Platz des 18. März
33%
Bethaniendamm
32%
Engeldamm
32%
Kleine Hamburger Straße
32%
Stresemannstraße
32%
Große Hamburger Straße
31%
Heinrich-Heine-Straße
31%
Arkonaplatz
30%
Charlottenstraße
30%
Dorotheenstraße
30%
Grunerstraße
30%
Lichtenberger Straße
30%
Michaelkirchplatz
30%
Robert-Koch-Platz
30%
Auguststraße
29%
Ebertstraße
29%
Monbijouplatz
29%
Fischerinsel
27%
Köpenicker Straße
27%
Schillingstraße
27%
Bergstraße
26%
Holzmarktstraße
26%
Liesenstraße
26%
Platz vor dem Neuen Tor
26%
Stralauer Straße
25%
Tucholskystraße
25%
Zimmerstraße
25%
Adalbertstraße
24%
Jägerstraße
24%
Mauerstraße
24%
Michaelkirchstraße
24%
Molkenmarkt
24%
Sophienstraße
24%
Ackerstraße
23%
Breite Straße
23%
Dircksenstraße
23%
Eiergasse
23%
Gertraudenstraße
23%
Hessische Straße
23%
Kapelle-Ufer
23%
Litfaßplatz
23%
Niederkirchnerstraße
23%
Schwedter Straße
23%
Taubenstraße
23%
Veteranenstraße
23%
Werderscher Markt
23%
Alexandrinenstraße
22%
Axel-Springer-Straße
22%
Behrenstraße
22%
Friedrich-Ebert-Platz
22%
Georgenstraße
22%
Jüdenstraße
22%
Kastanienallee
22%
Monbijoustraße
22%
Münzstraße
22%
Pappelplatz
22%
Reichstagufer
22%
Schiffbauerdamm
22%
Schwartzkopffstraße
22%
Swinemünder Straße
22%
Alexanderufer
21%
Alte Schönhauser Straße
21%
Bethlehemkirchplatz
21%
Brückenstraße
21%
Charitéstraße
21%
Nikolaikirchplatz
21%
Schinkelplatz
21%
Spreeufer
21%
Universitätsstraße
21%
Wolliner Straße
21%
Alte Jakobstraße
20%
Am Kupfergraben
20%
An der Kieler Brücke
20%
Dresdener Straße
20%
Fehrbelliner Straße
20%
Kieler Straße
20%
Koppenplatz
20%
Legiendamm
20%
Leuschnerdamm
20%
Wilhelmplatz
20%
Am Nordbahnhof
19%
Am Pankepark
19%
Choriner Straße
19%
Elisabeth-Schwarzhaupt-Platz
19%
Erna-Berger-Straße
19%
Geschwister-Scholl-Straße
19%
Hannah-Arendt-Straße
19%
Ida-von-Arnim-Straße
19%
Littenstraße
19%
Marion-Gräfin-Dönhoff-Platz
19%
Märkischer Platz
19%
Märkisches Ufer
19%
Mittelstraße
19%
Unterwasserstraße
19%
Voßstraße
19%
Weinbergsweg
19%
Alte Leipziger Straße
18%
Am Lustgarten
18%
Am Zeughaus
18%
An der Michaelbrücke
18%
Bauhofstraße
18%
Gipsstraße
18%
Glinkastraße
18%
Habersaathstraße
18%
Heinrich-Heine-Platz
18%
Marienstraße
18%
Markgrafenstraße
18%
Mühlendamm
18%
Neue Schönhauser Straße
18%
Oberwallstraße
18%
Oberwasserstraße
18%
Platz der Märzrevolution
18%
Platz des Volksaufstandes von 1953
18%
Reinhardtstraße
18%
Rosmarinstraße
18%
Scharnhorststraße
18%
Albrechtstraße
16%
Am Weidendamm
16%
Am Zirkus
16%
Anklamer Straße
16%
Bertolt-Brecht-Platz
16%
Hegelplatz
16%
Hinter dem Zeughaus
16%
Neue Jakobstraße
16%
Neue Jüdenstraße
16%
Neustädtische Kirchstraße
16%
Neustädtischer Kirchplatz
16%
Panoramastraße
16%
Poststraße
16%
Rheinsberger Straße
16%
Rosenstraße
16%
Wallstraße
16%
Zinnowitzer Straße
16%
Aaron-Bernstein-Platz
15%
Bodestraße
15%
Boyenstraße
15%
Bunsenstraße
15%
Garnisonskirchplatz
15%
Gormannstraße
15%
Gustav-Böß-Straße
15%
Hinter dem Gießhaus
15%
Hinter der Katholischen Kirche
15%
Jerusalemer Straße
15%
Kronenstraße
15%
Pflugstraße
15%
Rolandufer
15%
Schulze-Delitzsch-Platz
15%
Sebastianstraße
15%
Strelitzer Straße
15%
Tieckstraße
15%
Voltairestraße
15%
Zietenplatz
15%
Adele-Schreiber-Krieger-Straße
14%
Elisabethkirchstraße
14%
Friedrichsgracht
14%
Gontardstraße
14%
In den Ministergärten
14%
Kommandantenstraße
14%
Krausnickstraße
14%
Kremmener Straße
14%
Parochialstraße
14%
Petriplatz
14%
Philippstraße
14%
Ruppiner Straße
14%
Schwarzer Weg
14%
Waisenstraße
14%
Alex-Wedding-Straße
13%
Am Köllnischen Park
13%
Am Nußbaum
13%
An der Spandauer Brücke
13%
Annenstraße
13%
Berolinastraße
13%
Burgstraße
13%
Cora-Berliner-Straße
13%
Kleine Gertraudenstraße
13%
Kleine Präsidentenstraße
13%
Magazinstraße
13%
Niederwallstraße
13%
Sperlingsgasse
13%
Wassergasse
13%
Werdersche Rosenstraße
13%
Zehdenicker Straße
13%
Am Festungsgraben
12%
An der Kolonnade
12%
An der Schillingbrücke
12%
Große Präsidentenstraße
12%
Hedwigskirchgasse
12%
Heiligegeistgasse
12%
Johannisstraße
12%
Kleine Jägerstraße
12%
Krausenstraße
12%
Kreuzstraße
12%
Kurstraße
12%
Memhardstraße
12%
Novalisstraße
12%
Propststraße
12%
Schützenstraße
12%
Seydelstraße
12%
Unterbaumstraße
12%
Ziegelstraße
12%
An der Kommandantur
11%
Borsigstraße
11%
Dorothea-Schlegel-Platz
11%
Eichendorffstraße
11%
Falkoniergasse
11%
Forum an der Museumsinsel
11%
Gertrud-Kolmar-Straße
11%
Karlplatz
11%
Kleine Alexanderstraße
11%
Niederlagstraße
11%
Prinzengasse
11%
Ravelinplatz
11%
Rochstraße
11%
Schadowstraße
11%
Schlegelstraße
11%
Schmidstraße
11%
Schumannstraße
11%
Stallschreiberstraße
11%
Vera-Brittain-Ufer
11%
Wadzeckstraße
11%
Zolastraße
11%
Almstadtstraße
10%
Am Krögel
10%
Caroline-Michaelis-Straße
10%
Fürstenberger Straße
10%
Griebenowstraße
10%
Inselstraße
10%
Paula-Thiede-Ufer
10%
Rungestraße
10%
Scharrenstraße
10%
Schröderstraße
10%
Bona-Peiser-Weg
9%
Brüderstraße
9%
Caroline-von-Humboldt-Weg
9%
Claire-Waldoff-Straße
9%
Granseer Straße
9%
Henriette-Herz-Platz
9%
Joachimstraße
9%
Julie-Wolfthorn-Straße
9%
Keibelstraße
9%
Kleine Auguststraße
9%
Kleine Rosenthaler Straße
9%
Neue Blumenstraße
9%
Neue Promenade
9%
Neue Roßstraße
9%
Planckstraße
9%
Schicklerstraße
9%
Schönholzer Straße
9%
Singerstraße
9%
Weydemeyerstraße
9%
Weydingerstraße
9%
Am Zwirngraben
8%
Anna-Louisa-Karsch-Straße
8%
Heidereutergasse
8%
Hirtenstraße
8%
Jacobystraße
8%
Kalkscheunenstraße
8%
Kleine Kurstraße
8%
Margarete-Steffin-Straße
8%
Melchiorstraße
8%
Neue Grünstraße
8%
Neumannsgasse
8%
Ohmstraße
8%
Rückerstraße
8%
Schendelgasse
8%
Steinstraße
8%
St. Wolfgang-Straße
8%
Wilhelmine-Gemberg-Weg
8%
Wöhlertstraße
8%
Bartelstraße
7%
Elisabeth-Mara-Straße
7%
Ifflandstraße
7%
Max-Beer-Straße
7%
Mulackstraße
7%
Theanolte-Bähnisch-Straße
7%
Bernhard-Weiß-Straße
5%
Beuthstraße
5%
Keine übereinstimmenden Quizze gefunden
Verteilung der Resultate
Anzahl Personen mit jedem Resultat
Perzentil nach korrekt beantworteten Fragen
Ihre Resultats-Entwicklung
Sie haben dieses Quiz noch nicht gespielt